| 000 | 00359nam a22001577a 4500 | ||
|---|---|---|---|
| 003 | SGT | ||
| 020 | _a9788131231043 | ||
| 082 |
_a610.7362 _bC19B |
||
| 100 | _aBEEVI, ASSUMA | ||
| 245 | _aCONSISE TB. OF PEDIATRICS NURSING | ||
| 250 | _a2ND | ||
| 260 |
_aINDIA _bELSEVIER PUB _c2019 |
||
| 300 | _a497 | ||
| 650 | _aPEDIATRICS NURSING | ||
| 942 |
_2ddc _cBK _015 |
||
| 999 |
_c21941 _d21941 |
||